000 00524nam a2200205Ia 4500
005 20250923145248.0
008 008 250917s9999 xx 000 0 eng d
037 _aPeriodicals
040 _aDSWL
_beng
_cDSWL
041 _aeng
_2eng
084 _qDSWL
245 0 _aCommunity Development Journal
_cby Delhi School of Social Work
260 _aSwansea
_bSwansea University College
_c1972
300 _a210p.
365 _aINR
_b75
490 _vVol.7
925 _g75
942 _cCR
999 _c1449156
_d1449156